LEADER 01093nam0 22002651i 450 001 RML0235672 005 20231121125702.0 100 $a20121121d1991 ||||0itac50 ba 101 | $aita 102 $ait 181 1$6z01$ai $bxxxe 182 1$6z01$an 200 1 $aIstituzioni di matematiche$eper gli studenti della Facoltà di Chimica, Agraria, Scienze Naturali, Economia e Commercio e Statistica$fGiuseppe Zwirner 205 $a5a ed. riveduta ed ampliata con numerosi esercizi e problemi risolti e proposti 210 $aPadova $cCEDAM $d1991 215 $axii,486 p.$cfig.$d24 cm 700 1$aZwirner$b, Giuseppe$3RMLV149279$02130 801 3$aIT$bIT-01$c20121121 850 $aIT-FR0098 899 $aBiblioteca Area Giuridico Economica$bFR0098 912 $aRML0235672 950 0$aBiblioteca Area Giuridico Economica$d 53TER 510/30 I$e 53VM 0000042075 VM barcode:ECO007685. - Inventario:2703. - Fondo:Sala consultazioneVM$fA $h19940207$i20121204 977 $a 53 996 $aIstituzioni di matematiche$974313 997 $aUNICAS LEADER 01363nam0 22003251i 450 001 UON00293566 005 20231205103932.78 010 $a84-206-2450-0 100 $a20070427d1985 |0itac50 ba 101 $aspa 102 $aES 105 $a|||| 1|||| 200 1 $aˆLa ‰filosofía española en el siglo 20. : Unamuno, Ortega, Zubiri$e(dos precursores, Clarín y Ganivet, y cuatro continuadores)$fPaulino Garagorri 210 $aMadrid$cAlianza$dc1985 215 $a265 p.$d20 cm. 410 1$1001UON00171797$12001 $a Alianza Universidad$1210 $aMadrid$cAlianza Editorial$v450 606 $aUNAMUNO, MIGUEL de$3UONC040852$2FI 606 $aORTEGA Y GASSET JOSÉ$3UONC041343$2FI 606 $aFILOSOFIA SPAGNOLA$xSec. 20.$3UONC061308$2FI 606 $aZUBIRI XAVIER$3UONC062729$2FI 620 $aES$dMadrid$3UONL000218 676 $a100$cFilosofia$v21 700 1$aGARAGORRI$bPaulino$3UONV166626$0197543 712 $aAlianza$3UONV253156$4650 801 $aIT$bSOL$c20240220$gRICA 899 $aSIBA - SISTEMA BIBLIOTECARIO DI ATENEO$2UONSI 912 $aUON00293566 950 $aSIBA - SISTEMA BIBLIOTECARIO DI ATENEO$dSI SPA III 1764 $eSI LO 32662 5 1764 996 $aFilosofía española en el siglo 20. : Unamuno, Ortega, Zubiri$91252145 997 $aUNIOR